SIGPLAN Notices

Saved in:
Bibliographic Details
Format: Serial
Published: 1994
Tags: Add Tag
No Tags, Be the first to tag this record!

MARC

LEADER 00000nas a22000003a 4500
001 stu70051
005 20141121234002.4
008 011106s1994----------------------------d
040 |a STU  |b slo 
041 0
245 |a SIGPLAN Notices 
260 |c 1994 
500 |a 1994 
500 |a 1-12 
773 0 |t SIGPLAN Notices :  |w stu_us_cat*stu60260  |x 0362-1340  |7 nnas 
996 |d Vol. 29, 1994  |v Vol. 29  |y 1994  |l EE0103  |s A  |a 24  |w stu70051_0001